| 000 | 00442nam a2200181Ia 4500 | ||
|---|---|---|---|
| 008 | 230524s9999 xx 000 0 und d | ||
| 020 | _a9788131725382 | ||
| 082 |
_a658.3 _bDES |
||
| 100 | _aGary Dessler | ||
| 245 | 0 | _aHuman Resource Management | |
| 250 | _a11TH | ||
| 260 |
_aNEW DELHI _b"PHI,Pearson" _c2008 |
||
| 300 | _aXXIV;785 | ||
| 500 | _aQuantity Number: 30 | ||
| 650 | _aManagement | ||
| 700 | _a Biju Varkkey | ||
| 942 | _cBK | ||
| 999 |
_c41230 _d41230 |
||